<?xml version="1.0" encoding="UTF-8"?>
<collection xmlns="http://www.loc.gov/MARC21/slim">
 <record>
  <leader>00559pamaa2200169   4500</leader>
  <controlfield tag="001">0000021482</controlfield>
  <controlfield tag="005">20061214090000.0</controlfield>
  <datafield tag="020" ind1="0" ind2="0">
   <subfield code="a">0933216009 </subfield>
  </datafield>
  <datafield tag="090" ind1="0" ind2="0">
   <subfield code="a">PS3552.R24 </subfield>
   <subfield code="b">BRA 1994</subfield>
  </datafield>
  <datafield tag="100" ind1="1" ind2="0">
   <subfield code="a">BRADY </subfield>
  </datafield>
  <datafield tag="245" ind1="1" ind2="0">
   <subfield code="a">Give me your good ear  </subfield>
   <subfield code="c">Maureen Brady.</subfield>
  </datafield>
  <datafield tag="260" ind1="0" ind2="0">
   <subfield code="a">Minneapolis: </subfield>
   <subfield code="b">Spinsters Ink, </subfield>
   <subfield code="c">1994.</subfield>
  </datafield>
  <datafield tag="300" ind1=" " ind2=" ">
   <subfield code="a">v, 156p.; </subfield>
   <subfield code="c">22cm.</subfield>
  </datafield>
  <datafield tag="650" ind1="0" ind2="0">
   <subfield code="a">Mother and daughters -- </subfield>
   <subfield code="x">Fiction -- </subfield>
   <subfield code="z">United States </subfield>
  </datafield>
  <datafield tag="650" ind1="0" ind2="0">
   <subfield code="a">Family violence -- </subfield>
   <subfield code="x">Fiction -- </subfield>
   <subfield code="z">United States </subfield>
  </datafield>
  <datafield tag="650" ind1="0" ind2="0">
   <subfield code="a">Lesbians -- </subfield>
   <subfield code="x">Fiction -- </subfield>
   <subfield code="z">United States </subfield>
  </datafield>
  <datafield tag="650" ind1="0" ind2="0">
   <subfield code="a">Women -- </subfield>
   <subfield code="x">Fiction -- </subfield>
   <subfield code="z">United States </subfield>
  </datafield>
 </record>
</collection>
